El hombre, origen y misterio : asiáticos occidentales /

Enciclopedia que revisa la historia de las grandes civilizaciones antiguas, con énfasis en la mitología y cosmovisión que han caracterizado a las diversas culturas.

Gespeichert in:
Bibliographische Detailangaben
1. Verfasser: Layna y Ordóñez, Luis Manuel (coord.)
Weitere Verfasser: Arostegui, Javier (coordinación) (coordinación)
Format: Buch
Sprache:Spanisch
Veröffentlicht: México : UTEHA, 1983, c1983
Schlagworte:
Tags: Tag hinzufügen
Keine Tags, Fügen Sie das erste Tag hinzu!

MARC

LEADER 00000nam^a2200000^a^4500
001 000187433
005 20250521000000.0
009 20260310102301.643
020 |a 968-438-061-5 
020 |a 968-438-058-5 
037 |a Acervo ITESO - Biblioteca 
041 |a ESP 
082 |a 930. 03  |b HOM V. 3 
100 |a Layna y Ordóñez, Luis Manuel  |e (coord.) 
240 1 4 |a [El hombre, origen y misterios] 
245 1 3 |a El hombre, origen y misterio :  |b asiáticos occidentales /  |c Coord. de L.M. Layna y Ordóñez, J. Arostegui. 
264 4 |a México :  |b UTEHA,  |c 1983, c1983 
300 |a p. 263-384 
336 |a texto  |b txt  |2 rdacontenido 
337 |a sin mediación  |b n  |2 rdamedio 
338 |a volumen  |b nc  |2 rdasoporte 
520 |a Enciclopedia que revisa la historia de las grandes civilizaciones antiguas, con énfasis en la mitología y cosmovisión que han caracterizado a las diversas culturas. 
649 |a XX 
650 |a Mitología Asiria 
650 |a Mitología Babilónica 
650 |a Mitología Hitita 
650 |a Mitología Mesopotámica 
650 |a Mitología Fenicia 
650 |a Cosmovisión -  |z Irak -  |x Historia -  |y Imperio Babilónico y Asirio 
650 |a Cosmovisión -  |z Irak -  |x Historia -  |y Mesopotamia, 1000 a.C.-637 d.C. 
650 |a Religión -  |z Irak -  |x Historia -  |y Imperio Babilónico y Asirio 
650 |a Religión -  |z Irak -  |x Historia -  |y Mesopotamia, 10000 a.C.-637 d.C. 
650 |a Irak -  |x Historia -  |y Imperio Babilónico y Asirio 
650 |a Irak -  |x Historia -  |y Mesopotamia, 10000 a.C.-637 d.C 
650 |a Asia -  |x Historia Antigua 
650 |a Arqueología -  |z Irak 
650 |a Historia Antigua -  |x Enciclopedias y Diccionarios 
650 |a Historia Universal -  |x Enciclopedias y Diccionarios 
650 |a Enciclopedias y Diccionarios 
700 |a Arostegui, Javier  |e (coordinación) 
910 |a Fondo General 
920 |a Impresos - Libros 
930 |a Obras de Referencia 
905 |a 102 
901 |a 0500129797  |b IT2  |c REF  |u 20250521 
902 |a https://opac.biblio.iteso.mx/vufind/Record/000187433